Birdywood buzz: (Record no. 59502)
[ view plain ]
| 000 -LEADER | |
|---|---|
| fixed length control field | 00629nas a2200181 a 4500 |
| 005 - DATE AND TIME OF LATEST TRANSACTION | |
| control field | 20111215164223.0 |
| 020 ## - INTERNATIONAL STANDARD BOOK NUMBER | |
| International Standard Book Number | 9788181463975 |
| Terms of availability | 150.00 |
| 037 ## - SOURCE OF ACQUISITION | |
| Source of stock number/acquisition | PUB |
| 100 ## - MAIN ENTRY--PERSONAL NAME | |
| Personal name | Shamim Padamsee |
| 245 ## - TITLE STATEMENT | |
| Title | Birdywood buzz: |
| Statement of responsibility, etc | by Shamim Padamsee; illustrated by Ashok Rajagopalan |
| Remainder of title | th vulture returns / |
| 260 ## - PUBLICATION, DISTRIBUTION, ETC. (IMPRINT) | |
| Name of publisher, distributor, etc | Tulika Publishers |
| Date of publication, distribution, etc | 2008 |
| Place of publication, distribution, etc | Chennai |
| 270 ## - ADDRESS | |
| Address | 13, Prithvi Avenue, Abhiramapuram |
| City | Chennai |
| Postal code | 600018 |
| 300 ## - PHYSICAL DESCRIPTION | |
| Extent | Unpaged |
| Other physical details | ill. |
| Dimensions | 24cm(pbk) |
| 700 ## - ADDED ENTRY--PERSONAL NAME | |
| Personal name | Rajagopalan, Ashok |
| 9 (RLIN) | 36996 |
| 942 ## - ADDED ENTRY ELEMENTS (KOHA) | |
| Source of classification or shelving scheme | Dewey Decimal Classification |
| Item type | Children Books |
| Call number suffix | SHA |
| Withdrawn status | Lost status | Not for loan | Home library | Current library | Date acquired | Cost, normal purchase price | Full call number | Cost, replacement price | Koha item type |
|---|---|---|---|---|---|---|---|---|---|
| Andrews Gunj | Andrews Gunj | 15/12/2011 | 150.00 | SHA | 150.00 | Children Books |
